LEADER 04964nam 2200805 a 450 001 9910459072903321 005 20200520144314.0 010 $a1-282-90204-0 010 $a9786612902048 010 $a0-226-71218-4 024 7 $a10.7208/9780226712185 035 $a(CKB)2670000000060134 035 $a(EBL)616054 035 $a(OCoLC)688242199 035 $a(SSID)ssj0000427400 035 $a(PQKBManifestationID)12165092 035 $a(PQKBTitleCode)TC0000427400 035 $a(PQKBWorkID)10424594 035 $a(PQKB)10688783 035 $a(SSID)ssj0000777862 035 $a(PQKBManifestationID)12261398 035 $a(PQKBTitleCode)TC0000777862 035 $a(PQKBWorkID)10757166 035 $a(PQKB)11218694 035 $a(StDuBDS)EDZ0000123075 035 $a(MiAaPQ)EBC616054 035 $a(DE-B1597)523881 035 $a(OCoLC)741350944 035 $a(DE-B1597)9780226712185 035 $a(Au-PeEL)EBL616054 035 $a(CaPaEBR)ebr10431291 035 $a(CaONFJC)MIL290204 035 $a(EXLCZ)992670000000060134 100 $a20020206d2002 uy 0 101 0 $aeng 135 $aur|n|---||||| 181 $ctxt 182 $cc 183 $acr 200 14$aThe romantic conception of life$b[electronic resource] $escience and philosophy in the age of Goethe /$fRobert J. Richards 210 $aChicago $cUniversity of Chicago Press$dc2002 215 $a1 online resource (609 p.) 225 1 $aScience and its conceptual foundations 300 $aDescription based upon print version of record. 311 $a0-226-71211-7 311 $a0-226-71210-9 320 $aIncludes bibliographical references and index. 327 $tFrontmatter -- $tContents -- $tIllustrations -- $tAcknowledgments -- $tPrologue -- $t1. Introduction: A Most Happy Encounter -- $t2. The Early Romantic Movement -- $t3. Schelling: The Poetry of Nature -- $t4. Denouement: Farewell to Jena -- $t5. Early Theories of Development: Blumenbach and Kant -- $t6. Kielmeyer and the Organic Powers of Nature -- $t7. Johann Christian Reil's Romantic Theories of Life and Mind, or Rhapsodies on a Cat-Piano -- $t8. Schelling's Dynamic Evolutionism -- $t9. Conclusion: Mechanism, Teleology, and Evolution -- $t10. The Erotic Authority of Nature -- $t11. Goethe's Scientific Revolution -- $t12. Conclusion: The History of a Life in Art and Science -- $t13. The Romantic Conception of Life -- $t14. Darwin's Romantic Biology -- $tBibliography -- $tIndex 330 $a"All art should become science and all science art; poetry and philosophy should be made one." Friedrich Schlegel's words perfectly capture the project of the German Romantics, who believed that the aesthetic approaches of art and literature could reveal patterns and meaning in nature that couldn't be uncovered through rationalistic philosophy and science alone. In this wide-ranging work, Robert J. Richards shows how the Romantic conception of the world influenced (and was influenced by) both the lives of the people who held it and the development of nineteenth-century science. Integrating Romantic literature, science, and philosophy with an intimate knowledge of the individuals involved-from Goethe and the brothers Schlegel to Humboldt and Friedrich and Caroline Schelling-Richards demonstrates how their tempestuous lives shaped their ideas as profoundly as their intellectual and cultural heritage. He focuses especially on how Romantic concepts of the self, as well as aesthetic and moral considerations-all tempered by personal relationships-altered scientific representations of nature. Although historians have long considered Romanticism at best a minor tributary to scientific thought, Richards moves it to the center of the main currents of nineteenth-century biology, culminating in the conception of nature that underlies Darwin's evolutionary theory. Uniting the personal and poetic aspects of philosophy and science in a way that the German Romantics themselves would have honored, The Romantic Conception of Life alters how we look at Romanticism and nineteenth-century biology. 410 0$aScience and its conceptual foundations. 606 $aRomanticism$zGermany 606 $aGerman literature$y18th century$xHistory and criticism 606 $aGerman literature$y19th century$xHistory and criticism 606 $aLiterature and science$zGermany 606 $aPhilosophy, German 608 $aElectronic books. 615 0$aRomanticism 615 0$aGerman literature$xHistory and criticism. 615 0$aGerman literature$xHistory and criticism. 615 0$aLiterature and science 615 0$aPhilosophy, German. 676 $a830.9/145 700 $aRichards$b Robert J$g(Robert John),$f1942-$0919283 801 0$bMiAaPQ 801 1$bMiAaPQ 801 2$bMiAaPQ 906 $aBOOK 912 $a9910459072903321 996 $aThe romantic conception of life$92061782 997 $aUNINA LEADER 02065oam 2200553zu 450 001 996198456403316 005 20210807001144.0 010 $a0-7695-4005-8 035 $a(CKB)2610000000000528 035 $a(SSID)ssj0000452242 035 $a(PQKBManifestationID)12182358 035 $a(PQKBTitleCode)TC0000452242 035 $a(PQKBWorkID)10468809 035 $a(PQKB)10668351 035 $a(EXLCZ)992610000000000528 100 $a20160829d2010 uy 101 0 $aeng 181 $ctxt 182 $cc 183 $acr 200 10$a2010 17th IEEE International Conference and Workshops on Engineering of Computer Based Systems 210 31$a[Place of publication not identified]$cIEEE$d2010 300 $aBibliographic Level Mode of Issuance: Monograph 517 1 $aEngineering of computer-based systems 531 $aecbs 606 $aSystems engineering$xData processing$vCongresses 606 $aSystem analysis$xData processing$vCongresses 606 $aSystem design$vCongresses 606 $aComputer-aided engineering$vCongresses 606 $aMechanical Engineering$2HILCC 606 $aEngineering & Applied Sciences$2HILCC 606 $aIndustrial & Management Engineering$2HILCC 615 0$aSystems engineering$xData processing 615 0$aSystem analysis$xData processing 615 0$aSystem design 615 0$aComputer-aided engineering 615 7$aMechanical Engineering 615 7$aEngineering & Applied Sciences 615 7$aIndustrial & Management Engineering 702 $aSprinkle$b Jonathan Mark 702 $aSterritt$b Roy 702 $aEames$b Brandon Kerry 712 02$aIEEE Computer Society.$bTechnical Committee on Engineering of Computer-Based Systems. 712 12$aIEEE International Conference and Workshop on the Engineering of Computer Based Systems 801 0$bPQKB 906 $aPROCEEDING 912 $a996198456403316 996 $a2010 17th IEEE International Conference and Workshops on Engineering of Computer Based Systems$92378502 997 $aUNISA